| 000 | nam a22 7a 4500 | ||
|---|---|---|---|
| 999 |
_c3346 _d3346 |
||
| 005 | 20170522120751.0 | ||
| 008 | 170522b2003 cau||||| |||| 00| 0 eng d | ||
| 020 | _a1560526874 | ||
| 040 | _aAKMAL | ||
| 082 | _a658.402 HON | ||
| 090 |
_a658.402 _bHON |
||
| 100 | 1 |
_aHonig, Bruce _96782 |
|
| 245 | 1 | 0 |
_aCreative collaboration : _bsimple tools for inspired teamwork / _c Bruce Honig and Alain Rostain |
| 260 |
_aMenlo Park, CA : _bCrisp Publicatons, _cc2003 |
||
| 300 |
_ax, 110 p. : _bill. ; _c26 cm |
||
| 504 | _a Includes bibliographical references (p. 106-107). | ||
| 650 | 0 |
_aCreative ability in business. _95740 |
|
| 650 | 0 |
_aTeams in the workplace _9557 |
|
| 700 | 1 |
_a Rostain, Alain. _96783 |
|
| 830 | 0 |
_aFifty-Minute series _91134 |
|
| 942 |
_2ddc _cBOOK |
||